Science of consciousness, psychotherapy and yoga praxis (Record no. 236113)

MARC details
000 -LEADER
fixed length control field 00420nam a2200157Ia 4500
005 - DATE AND TIME OF LATEST TRANSACTION
control field 20241210163748.0
008 - FIXED-LENGTH DATA ELEMENTS--GENERAL INFORMATION
fixed length control field 231221s9999 xx 000 0 und d
020 ## - INTERNATIONAL STANDARD BOOK NUMBER
International Standard Book Number 9789380651972
082 ## - DEWEY DECIMAL CLASSIFICATION NUMBER
Classification number 616.89 JHA;1 R
100 ## - MAIN ENTRY--PERSONAL NAME
Personal name Jha, Ram Nath.
245 #0 - TITLE STATEMENT
Title Science of consciousness, psychotherapy and yoga praxis
250 ## - EDITION STATEMENT
Edition statement 1st ed.
260 ## - PUBLICATION, DISTRIBUTION, ETC. (IMPRINT)
Date of publication, distribution, etc. 2015
Name of publisher, distributor, etc. vidyanidhi prakash
Place of publication, distribution, etc. New Delhi
300 ## - PHYSICAL DESCRIPTION
Extent 391
942 ## - ADDED ENTRY ELEMENTS (KOHA)
Koha item type Arch Books
Holdings
Date last seen Total Checkouts Full call number Accession number Cost, replacement price Price effective from Category Lost status Source of classification or shelving scheme Damaged status Department Withdrawn status bill no. Permanent Location Current Location Shelving location Entry date Vendor Cost, normal purchase price Grants Currency symbol Conversion rate Discount Discount type
26/01/2024   616.89 JHA;1 R AR1086 1222.00 26/01/2024 Arch Books   Dewey Decimal Classification       FAAYNN2000000200 Architecture Library Architecture Library ARCH 19/07/2019 Flipkart.com 1222.00 ARCH RS 1   Percentage

© For any Suggestions or Query, please contact the library staff @ librarian@pes.edu or Phone: +9180 2672 1983/ 2108.